Online
Catalog

Las mejores recetas de la cocina paso a paso / (Record no. 35783)

MARC details
000 -CABECERA
campo de control de longitud fija 01094nam a2200229 a 4500
001 - NÚMERO DE CONTROL
campo de control 000036292
005 - FECHA Y HORA DE LA ÚLTIMA TRANSACCIÓN
campo de control 20240516195916.0
008 - DATOS DE LONGITUD FIJA--INFORMACIÓN GENERAL
campo de control de longitud fija 120112s1986 sp a 000 0 spa d
020 ## - NÚMERO INTERNACIONAL ESTÁNDAR DEL LIBRO
Número Internacional Estándar del Libro 8471834065
040 ## - FUENTE DE LA CATALOGACIÓN
Centro catalogador/agencia de origen DO-SdBNP
Lengua de catalogación spa
Centro/agencia transcriptor BNPHU
245 04 - MENCIÓN DE TÍTULO
Título Las mejores recetas de la cocina paso a paso /
Mención de responsabilidad, etc. autores de los textos y selección de recetas internacionales Savina Roggero, Antonio Piccinardi y Napo Faörenc ; traducción María Rosa Font.
260 ## - PUBLICACIÓN, DISTRIBUCIÓN, ETC.
Lugar de publicación, distribución, etc. Barcelona :
Nombre del editor, distribuidor, etc. Ediciones Hymsa,
Fecha de publicación, distribución, etc. 1986.
300 ## - DESCRIPCIÓN FÍSICA
Extensión 6 v. :
Otras características físicas il., col. ;
Dimensiones 29 cm.
505 0# - NOTA DE CONTENIDO CON FORMATO
Nota de contenido con formato Contenido:
Información miscelánea v.1.
Título Entrantes, caldos y cocidos, crepes y pastas. --
Información miscelánea v.2.
Título Arroces, aves y caza. --
Información miscelánea v.3
Título Carnes y frutos de mar. --
Información miscelánea v.4.
Título Pescados de mar y pescados de agua dulce. --
Información miscelánea v.5.
Título Tartas y pasteles. --
Información miscelánea v.6.
Título Frutas, dulces, helados y otros postres.
650 24 - PUNTO DE ACCESO ADICIONAL DE MATERIA--TÉRMINO DE MATERIA
Término de materia o nombre geográfico como elemento de entrada Recetas de cocina
9 (RLIN) 47089
650 24 - PUNTO DE ACCESO ADICIONAL DE MATERIA--TÉRMINO DE MATERIA
Término de materia o nombre geográfico como elemento de entrada Comida
Subdivisión general Preparación
9 (RLIN) 62417
650 20 - PUNTO DE ACCESO ADICIONAL DE MATERIA--TÉRMINO DE MATERIA
Término de materia o nombre geográfico como elemento de entrada Gastronomía
9 (RLIN) 362
700 1# - PUNTO DE ACCESO ADICIONAL--NOMBRE DE PERSONA
Nombre de persona Roggero, Savina
9 (RLIN) 62418
700 1# - PUNTO DE ACCESO ADICIONAL--NOMBRE DE PERSONA
Nombre de persona Piccinardi, Antonio
9 (RLIN) 62419
700 1# - PUNTO DE ACCESO ADICIONAL--NOMBRE DE PERSONA
Nombre de persona Faörenc, Napo
9 (RLIN) 62420
700 1# - PUNTO DE ACCESO ADICIONAL--NOMBRE DE PERSONA
Nombre de persona Font, María Rosa,
Término indicativo de función/relación trad.
9 (RLIN) 62421
Holdings
Estado de retiro Estado de pérdida Restricciones de uso No para préstamo Código de colección Localización permanente Ubicación/localización actual Ubicación en estantería Fecha de adquisición Número de inventario Total de préstamos Signatura topográfica completa Código de barras Fecha visto por última vez Precio válido a partir de Tipo de ítem Koha
      Excluido de préstamo Monografías: Libros y Folletos General General En catalogación 12.01.2012 LF1   v.1 36293-10 25.06.2020 25.06.2020 No se presta
      Excluido de préstamo Monografías: Libros y Folletos General General En catalogación 12.01.2012 LF1   v.2 36293-20 25.06.2020 25.06.2020 No se presta
      Excluido de préstamo Monografías: Libros y Folletos General General En catalogación 12.01.2012 LF1   v.3 36293-30 25.06.2020 25.06.2020 No se presta
      Excluido de préstamo Monografías: Libros y Folletos General General En catalogación 12.01.2012 LF1   v.4 36293-40 25.06.2020 25.06.2020 No se presta
      Excluido de préstamo Monografías: Libros y Folletos General General En catalogación 12.01.2012 LF1   v.5 36293-50 25.06.2020 25.06.2020 No se presta
      Excluido de préstamo Monografías: Libros y Folletos General General En catalogación 12.01.2012 LF1   v.6 36293-60 25.06.2020 25.06.2020 No se presta

Powered by Koha